000 00786nam0a22002531 4500
001 rc\2941185
005 20250529232231.0
035 _a(NLR Aleph) 007089988
090 _a6564061
_c6564061
100 _a20110825d1934 |||y0rusy50 ca
101 0 _arus
102 _aRU
105 _aa z |||||
200 1 _aТехнический бюллетень
_eСборник статей
210 _a[Брянск]
_cМех. з-д
_d1934
215 _a54 с.
_cил.
_d30 см
300 _aБез тит. л. Описано по обл.
300 _aНапеч. на пиш. маш. Литогр.
710 0 2 _aМеханический завод № 13
_cБрянск
801 0 _aRU
_bNLR
_gpsbo
801 1 _aRU
_bELAR
_2rusmarc
852 _aNLR
_j34-13/571
942 _cBOOK
980 _aNB